Maantiedettä kirjaimittain - W - Statistics

Yleistilastot
  • Tätä visaa on pelattu 1 569 kertaa
  • Keskiarvotulos 11 / 20
Vastaustilastot
Vihje Vastaus % Oikein
Yhdysvaltain pääkaupunki Washington DC
99%
Itävallan pääkaupunki Wien
99%
Kanadassa sijaitseva kaupunki, jonka NHL-joukkueen nimi on ____ Jets Winnipeg
79%
Uuden-Seelannin pääkaupunki Wellington
77%
Cardiff on sen pääkaupunki Wales
76%
Koronavirus lähti liikkeelle tästä Kiinan kaupungista Wuhan
74%
Yhdysvaltain väkiluvultaan pienin osavaltio Wyoming
63%
Napoleon kukistettiin tässä paikassa Waterloo
62%
Lontoossa järjestettävä tenniksen Grand Slam -turnaus Wimbledon
60%
Osavaltio Yhdysvalloissa Michiganjärven rannalla Wisconsin
58%
Etelä-Korean valuutta Won
57%
Englannin suurin stadion Wembley
54%
Saksan kaupunki, jonka mukaan vuosien 1919–1933 aikaista tasavaltaa kutsuttiin Weimar
46%
Kiinan yleisin sukunimi Wang
44%
Lontoon keskustan alue, jossa sijaitsevat muun muassa samanniminen palatsi ja kirkko Westminster
44%
Varsova puolan kielellä Warszawa
24%
Ranskalle kuuluva territorio eteläisellä Tyynellämerellä {Wallis} ja Futuna
23%
Puolan Ala-Sleesiassa sijaitseva kaupunki, joka tunnettiin aiemmin saksankielisellä nimellä Breslau Wrocław
22%
Kristalleistaan tunnettu kaupunki Irlannissa Waterford
11%
Bremenin halki virtaava yksi Saksan pisimmistä joista Weser
11%
Ehtoja vastaavia visoja ei löytynyt
Tulosjakauma
Jokaisen tuloksen saaneiden osuus
Persentiili vastausten määrän mukaan
Tuloshistoriasi
Et ole pelannut tätä visaa